书目信息 |
| 题名: |
果品质量学概论
|
|
| 作者: | 邱栋梁 编著 | |
| 分册: | ||
| 出版信息: | 北京 化学工业出版社 2006 |
|
| 页数: | 194页 | |
| 开本: | 24cm | |
| 丛书名: | ||
| 单 册: | ||
| 中图分类: | S66 , F762.36 , TS255 | |
| 科图分类: | ||
| 主题词: | 果树--栽培--质量控制 , 果品--商品检验 , 果树 , 质量控制 , 果品 , 商品检验 , 食品工业 | |
| 电子资源: | ||
| ISBN: | 7-5025-9081-1 | |
| 000 | 00974nam0 2200313 450 | |
| 001 | 1536922323 | |
| 005 | 20150131101552.00 | |
| 010 | @a7-5025-9081-1@dCNY28.00 | |
| 100 | @a20061030d2006 em y0chiy50 ea | |
| 101 | 0 | @achi |
| 102 | @aCN@b110000 | |
| 105 | @ay z 000yy | |
| 200 | 1 | @a果品质量学概论@9guo pin zhi liang xue gai lun@f邱栋梁编著 |
| 210 | @a北京@c化学工业出版社@d2006 | |
| 215 | @a194页@d24cm | |
| 330 | @a本书以提高果品质量、促进果品生产的可持续发展为指导,从果品质量要素、果品质量标准、果品污染途径及其危害性、提高果品质量的途径、果品质量控制技术、果品质量检验等方面对果品质量学做了系统概述。 | |
| 606 | 0 | @a果树@x栽培@x质量控制 |
| 606 | 0 | @a果品@x商品检验 |
| 606 | 0 | @a果树 |
| 606 | 0 | @a质量控制 |
| 606 | 0 | @a果品 |
| 606 | 0 | @a商品检验 |
| 606 | 0 | @a食品工业 |
| 690 | @aS66@v5 | |
| 690 | @aF762.36@v5 | |
| 690 | @aTS255@v4 | |
| 701 | 0 | @a邱栋梁@9qiu dong liang@4编著 |
| 801 | 0 | @aCN@bTSSF@c20150131 |
| 905 | @aZUCC@dTS255@eJY170 | |
| 果品质量学概论/邱栋梁编著.-北京:化学工业出版社,2006 |
| 194页;24cm |
| ISBN 7-5025-9081-1:CNY28.00 |
| 本书以提高果品质量、促进果品生产的可持续发展为指导,从果品质量要素、果品质量标准、果品污染途径及其危害性、提高果品质量的途径、果品质量控制技术、果品质量检验等方面对果品质量学做了系统概述。 |
| ● |
| 相关链接 |
|
|
|
|
正题名:果品质量学概论
索取号:TS255/JY170
 
预约/预借
| 序号 | 登录号 | 条形码 | 馆藏地/架位号 | 状态 | 备注 |
| 1 | 7862133 | 278621332 | 学院路分馆/ [索取号:TS255/JY170] | 在馆 | |
| 2 | 7862134 | 278621341 | 学院路分馆/ [索取号:TS255/JY170] | 在馆 |